Detalles MARC
| 000 -CABECERA |
| campo de control de longitud fija |
01251nam a2200325 a 4500 |
| 001 - NÚMERO DE CONTROL |
| campo de control |
000034834 |
| 005 - FECHA Y HORA DE LA ÚLTIMA TRANSACCIÓN |
| campo de control |
20200930073931.0 |
| 008 - DATOS DE LONGITUD FIJA--INFORMACIÓN GENERAL |
| campo de control de longitud fija |
111020s1960 ag 000 0 spa d |
| 040 ## - FUENTE DE LA CATALOGACIÓN |
| Centro catalogador/agencia de origen |
DO-SdBNP |
| Lengua de catalogación |
spa |
| Centro/agencia transcriptor |
BNPHU |
| 082 ## - NÚMERO DE LA CLASIFICACIÓN DECIMAL DEWEY |
| Número de clasificación |
612.821 |
| Número de documento/Ítem |
C496f, 1960 |
| 100 1# - ENTRADA PRINCIPAL--NOMBRE DE PERSONA |
| Nombre de persona |
Chauchard, Paul, |
| Fechas asociadas al nombre |
1912-2003 |
| 9 (RLIN) |
39755 |
| 240 10 - TÍTULO UNIFORME |
| Título uniforme |
Physiologie de la conscience |
| Lenguaje de la obra |
español |
| 245 10 - MENCIÓN DE TÍTULO |
| Título |
Fisiología de la conciencia / |
| Mención de responsabilidad, etc. |
Paul Chauchard ; traducción Emma Kestelboim. |
| 250 ## - MENCIÓN DE EDICIÓN |
| Mención de edición |
3a ed. |
| 260 ## - PUBLICACIÓN, DISTRIBUCIÓN, ETC. |
| Lugar de publicación, distribución, etc. |
Buenos Aires : |
| Nombre del editor, distribuidor, etc. |
Paidós, |
| Fecha de publicación, distribución, etc. |
1960. |
| 300 ## - DESCRIPCIÓN FÍSICA |
| Extensión |
140 p. : |
| Otras características físicas |
il. ; |
| Dimensiones |
17 cm. |
| 490 1# - MENCIÓN DE SERIE |
| Mención de serie |
Que Sais-Je? |
| Designación de volumen o secuencia |
333 |
| 490 1# - MENCIÓN DE SERIE |
| Mención de serie |
Biblioteca del hombre dominicano |
| Designación de volumen o secuencia |
41 |
| 500 ## - NOTA GENERAL |
| Nota general |
Traducido del inglés. |
| 504 ## - NOTA DE BIBLIOGRAFÍA, ETC. |
| Nota de bibliografía, etc. |
Incluye referencias bibliográficas y notas al pie de las página. |
| 504 ## - NOTA DE BIBLIOGRAFÍA, ETC. |
| Nota de bibliografía, etc. |
Bibliografía: p. [138]-140 |
| 590 ## - NOTA LOCAL (RLIN) |
| Nota local |
Perteneció a la biblioteca personal de Juan Isidro Jimenes Grullón |
| 650 #4 - PUNTO DE ACCESO ADICIONAL DE MATERIA--TÉRMINO DE MATERIA |
| Término de materia o nombre geográfico como elemento de entrada |
Cerebro |
| Subdivisión general |
Fisiología |
| 9 (RLIN) |
60355 |
| 650 #4 - PUNTO DE ACCESO ADICIONAL DE MATERIA--TÉRMINO DE MATERIA |
| Término de materia o nombre geográfico como elemento de entrada |
Conciencia (psicología) |
| Subdivisión general |
Aspectos fisiológicos |
| 9 (RLIN) |
60356 |
| 650 #4 - PUNTO DE ACCESO ADICIONAL DE MATERIA--TÉRMINO DE MATERIA |
| Término de materia o nombre geográfico como elemento de entrada |
Sueños |
| Subdivisión general |
Aspectos fisiológicos |
| 9 (RLIN) |
60357 |
| 700 12 - PUNTO DE ACCESO ADICIONAL--NOMBRE DE PERSONA |
| Nombre de persona |
Kestelboim, Emma, |
| Término indicativo de función/relación |
tr. |
| 9 (RLIN) |
60358 |
| 830 #0 - PUNTO DE ACCESO ADICIONAL DE SERIE-TÍTULO UNIFORME |
| Título uniforme |
Biblioteca del hombre dominicano |
| Designación de volumen o secuencia |
41 |
| 9 (RLIN) |
60359 |
| 830 #0 - PUNTO DE ACCESO ADICIONAL DE SERIE-TÍTULO UNIFORME |
| Título uniforme |
Que Sais-Je? |
| Designación de volumen o secuencia |
333 |
| 9 (RLIN) |
60360 |
| 910 ## - DATOS DE OPCIÓN DEL USUARIO (OCLC) |
| Datos de opción del usuario |
Validado. Control de calidad BNPHU |